Представление документа в формате RUSMARC

ПолеНазваниеЗначение
  Тип записи a
  Библиографический уровень m
001 Контрольный номер LIBNET\0000448660
005 Дата корректировки 20220118132403.8
010 Индекс ISBN __
a ISBN 978-5-17-083019-0
d Цена 135-00
100 Данные общей обработки __
a Данные общей обработки 20140519d2014####u##y0rusy0189 ca
101 Язык документа 0_
a Язык текста rus
102 Страна публикации __
a Страна публикации RU
105 Кодированные данные (монография) __
a Кодированные данные (монография) a |||||||||
200 Заглавие и сведения об ответственности 1_
a Заглавие Гимнастика монахов Тибета
e Сведения, относящиеся к заглавию 100 упражнений для важнейших энергетических каналов тела
f Первые сведения об ответственности Алекс Коллер
210 Выходные данные 1_
a Место издания Москва
c Издательство АСТ
d Дата издания 2014
215 Физическое описание __
a Объем 222, [1] с.
c Иллюстрации/тип воспроизводства ил.
225 Серия (Журнальная рубрика) 1_
a Серия (Журнальная рубрика) Око настоящего возрождения
300 Общие примечания __
a Общие примечания На обл.: Ум - острее, жизнь - длиннее!
330 Аннотация __
a Аннотация Щадящий комплекс упражнений, которые помогут вернуть здоровье и молодость, а также облегчат течение конкретных заболеваний не только в области шеи, но и всего организма.
606 Тематические рубрики 1_
2 Код системы nlr_sh
3 Контрольный № нормативной записи RU\NLR\AUTH\661350085
a Основная рубрика Физическая культура и спорт
606 Тематические рубрики __
a Основная рубрика Гимнастика
606 Тематические рубрики __
a Основная рубрика Здравоохранение. Медицинские науки
606 Тематические рубрики __
a Основная рубрика Народная медицина и отдельные системы лечения
610 Ключевые слова 0_
a Ключевые слова тибетская гимнастика
a Ключевые слова тибетская йога
a Ключевые слова тибетская релаксация
a Ключевые слова тибетский массаж
a Ключевые слова тибетская иглотерапия
a Ключевые слова тибетское прижигание
a Ключевые слова тибетское кровопускание
a Ключевые слова тибетские практики оздоровления
a Ключевые слова заболевания органов шеи
686 Индексы других классификаций __
a Индекс ББК 75.69
v Номер издания LBC/RL
2 Код системы rubbk
686 Индексы других классификаций __
a Индекс ББК 53.59
700 Автор _1
a Фамилия Коллер
b Имя А.
g Полное личное имя Алекс
801 Источник записи _0
a Страна RU
b Организация Сахалинская ОУНБ
c Дата составления 20140519
g Правила каталогизации rcr
801 Источник записи _1
a Страна RU
b Организация Сахалинская ОУНБ
c Дата составления 20140519
801 Источник записи _1
a Страна ru
b Организация Центральная районная библиотека им. Г. А. Пирожникова
830 Общее примечание каталогизатора __
a Текст примечания 119
852 Данные о местонахождении __
j Шифр хранения 75.69
i Авторский знак К 606
901 Тип документа __
t Тип документа m
902 Роль лиц __
b Редактор БЗ ОКиО/Шумских